Animals / (Record no. 3922)

MARC details
000 -LEADER
fixed length control field 00749nam a22002657a 4500
001 - CONTROL NUMBER
control field 3922
003 - CONTROL NUMBER IDENTIFIER
control field FISKH
005 - DATE AND TIME OF LATEST TRANSACTION
control field 20260318135419.0
008 - FIXED-LENGTH DATA ELEMENTS--GENERAL INFORMATION
fixed length control field 240523b cb ||||| |||| 00| 0 eng d
020 ## - INTERNATIONAL STANDARD BOOK NUMBER
International Standard Book Number 044903496102
040 ## - CATALOGING SOURCE
Original cataloging agency FISKH
Language of cataloging eng
Transcribing agency FISKH
Modifying agency FISKH
050 ## - LIBRARY OF CONGRESS CALL NUMBER
Classification number 590
082 ## - DEWEY DECIMAL CLASSIFICATION NUMBER
Classification number QL49.A58734
100 ## - MAIN ENTRY--PERSONAL NAME
Personal name Priddy , Roger
Relator term author
245 ## - TITLE STATEMENT
Title Animals /
Statement of responsibility, etc. by Roger Priddy
260 ## - PUBLICATION, DISTRIBUTION, ETC.
Place of publication, distribution, etc. New York :
Name of publisher, distributor, etc. Martin's Press ;
Date of publication, distribution, etc. 2008
300 ## - PHYSICAL DESCRIPTION
Extent 10 unnumbered pages :
Other physical details color illustrations ;
Dimensions 9 cm .
490 ## - SERIES STATEMENT
Series statement Bright Baby
505 ## - FORMATTED CONTENTS NOTE
Formatted contents note B <br/>
520 ## - SUMMARY, ETC.
Summary, etc. Pictures of animals teach vocabulary.
521 8# - TARGET AUDIENCE NOTE
Target audience note 80 <br/><br/>
Source Lexile estimate <br/>
521 8# - TARGET AUDIENCE NOTE
Target audience note B <br/>
Source Raz-Plus <br/>
650 ## - SUBJECT ADDED ENTRY--TOPICAL TERM
Topical term or geographic name entry element baby animals
Form subdivision non-fiction
942 ## - ADDED ENTRY ELEMENTS (KOHA)
Source of classification or shelving scheme Dewey Decimal Classification
Koha item type Books
Suppress in OPAC No
Holdings
Withdrawn status Lost status Source of classification or shelving scheme Damaged status Not for loan Collection Home library Current library Shelving location Date acquired Total Checkouts Full call number Barcode Date last seen Date last checked out Copy number Price effective from Koha item type
    Dewey Decimal Classification     Juvenile Fiction Footprints International School Library Network Toul Kork Campus Footprints International School Library Network Toul Kork Campus TK Primary Library Room(4th Floor), Bookcase 7, Shelves 57-60, Dark Green Books 08/20/2025 1 PRI 590 QL49.A58734 FISTKKB131 01/20/2026 01/13/2026 2 08/20/2025 Books
    Dewey Decimal Classification     Juvenile Fiction Footprints International School Library Network Toul Kork Campus Footprints International School Library Network Toul Kork Campus TK Primary Library Room(4th Floor), Bookcase 7, Shelves 57-60, Dark Green Books 08/20/2025   PRI 590 QL49.A58734 FISTKP2A007 08/20/2025   3 08/20/2025 Books
    Dewey Decimal Classification     Juvenile Fiction Footprints International School Library Network Toul Tom Poung Campus Footprints International School Library Network Toul Tom Poung Campus TTP Primary Green Bookshelves 05/23/2024 1 PRI 590 QL49.A58734 FISTK02888 03/26/2026 03/19/2026 1 05/23/2024 Books